Normal view
MARC view
- Railroads
Entry Topical Term
001 - CONTROL NUMBER
- control field: 24941
003 - CONTROL NUMBER IDENTIFIER
- control field: NUST
005 - DATE AND TIME OF LATEST TRANSACTION
- control field: 20191029150637.0
008 - FIXED-LENGTH DATA ELEMENTS
- fixed length control field: 191029|| aca||aabn | a|a d
040 ## - CATALOGING SOURCE
- Original cataloging agency: NUST
- Transcribing agency: NUST
150 ## - HEADING--TOPICAL TERM
- Topical term or geographic name entry element: Railroads
670 ## - SOURCE DATA FOUND
- Source citation: Work cat.: (NUST)0: Jackson, Alan Arthur. 24940, The railway dictionary :, c2006.
